Toutes les communes du Morbihan sur une carte - Statistiques

Statistiques générales
  • Ce quiz a été pris 3 377 fois
    2 785 depuis la dernière actualisation
  • Le résultat moyen est 80 sur 249
Réponses sur la Carte
Les réponses sont colorées sur une échelle allant du rouge au vert en fonction du pourcentage des utilisateurs qui les ont devinées à leur premier essai. Vous pouvez retrouver ces pourcentages ci-dessous.
 
Statistiques - réponses
Population Communes % Correct
53 719 Vannes
97%
57 246 Lorient
95%
4 658 Quiberon
87%
15 064 Pontivy
84%
14 141 Auray
80%
579 Le Saint
76%
4 236 Carnac
74%
227 Île-d'Arz
73%
9 791 Ploërmel
73%
23 124 Lanester
71%
2 234 Groix
68%
16 062 Hennebont
68%
8 791 Sarzeau
68%
874 Larmor-Baden
67%
8 319 Larmor-Plage
67%
2 056 Saint-Pierre-Quiberon
66%
2 198 Arzon
61%
931 Locmaria
61%
1 708 Locmaria-Grand-Champ
61%
620 Île-aux-Moines
60%
17 778 Ploemeur
60%
8 900 Séné
60%
671 La Trinité-Porhoët
59%
1 622 La Trinité-sur-Mer
59%
1 687 La Trinité-Surzur
59%
5 392 Arradon
57%
2 770 Sainte-Anne-d'Auray
56%
4 396 Baden
55%
2 054 Étel
55%
11 767 Guidel
55%
216 Île-d'Houat
55%
2 544 Le Palais
55%
7 862 Questembert
55%
6 234 Baud
54%
6 091 Guer
54%
2 520 Noyal-Muzillac
54%
3 605 Noyal-Pontivy
54%
11 895 Saint-Avé
54%
94 Hœdic
53%
4 505 Locminé
53%
5 066 Muzillac
53%
2 654 Port-Louis
53%
8 251 Theix-Noyalo
53%
3 853 Erdeven
50%
2 482 Josselin
50%
1 552 Locmariaquer
50%
5 552 Grand-Champ
48%
1 531 Saint-Gildas-de-Rhuys
48%
3 394 Crach
47%
4 724 Surzur
46%
5 792 Plouay
45%
2 214 Plouharnel
45%
3 760 Belz
44%
8 064 Languidic
44%
6 635 Ploeren
44%
1 839 Damgan
43%
2 470 Malestroit
43%
7 676 Pluvigner
43%
2 836 Saint-Jean-Brévelay
43%
1 469 Saint-Jean-la-Poterie
43%
6 660 Brech
42%
6 920 Caudan
42%
6 261 Elven
42%
680 Gâvres
42%
6 548 Inzinzac-Lochrist
42%
3 962 La Gacilly
42%
5 386 Plouhinec
42%
8 770 Quéven
42%
996 Sauzon
42%
2 533 Bono
41%
701 La Roche-Bernard
41%
2 988 Ploemel
41%
6 786 Kervignac
40%
6 145 Plescop
40%
3 844 Pont-Scorff
40%
1 682 Arzal
39%
4 039 Locmiquélic
38%
2 019 Pénestin
38%
5 821 Riantec
38%
3 847 Saint-Nolff
38%
3 961 Landévant
37%
641 Rochefort-en-Terre
37%
1 495 Saint-Philibert
37%
1 012 Bangor
36%
3 298 Cléguer
36%
3 779 Gourin
36%
1 060 Guémené-sur-Scorff
36%
2 793 Le Faouët
36%
3 464 Locoal-Mendon
36%
5 905 Pluneret
36%
1 961 Ambon
35%
2 522 Plougoumelen
35%
4 355 Pluméliau-Bieuzy
35%
3 066 Camors
34%
873 Saint-Armel
34%
3 733 Moréac
32%
3 756 Sulniac
32%
2 317 Bubry
31%
2 192 Colpo
31%
2 262 Meucon
31%
2 637 Gestel
30%
3 145 Mauron
30%
4 178 Plumergat
30%
1 636 Rohan
30%
3 238 Merlevenez
29%
1 576 Nostang
29%
2 679 Plumelec
29%
2 770 Plumelin
29%
3 886 Allaire
28%
2 392 Landaul
28%
1 210 Le Tour-du-Parc
28%
2 195 Malansac
28%
4 677 Nivillac
28%
1 416 Quistinic
28%
1 262 Sainte-Hélène
28%
3 066 Sérent
28%
2 774 Bignan
27%
1 459 Brandérion
27%
2 828 Cléguérec
27%
852 Le Hézo
27%
3 299 Monterblanc
27%
2 165 Forges de Lanouée
26%
1 885 Locqueltas
26%
2 421 Marzan
26%
1 733 Moustoir-Ac
26%
2 712 Péaule
26%
532 Saint-Malo-de-Beignon
26%
584 Saint-Malo-des-Trois-Fontaines
26%
1 300 Brandivy
25%
2 104 Le Sourn
25%
1 521 Melrand
25%
2 406 Treffléan
25%
2 026 Berric
24%
1 008 Billiers
24%
1 233 Calan
24%
1 888 Campénéac
24%
2 185 Inguiniel
24%
1 062 Plouray
24%
1 964 Réguiny
24%
1 294 Saint-Martin-sur-Oust
24%
2 191 Taupont
24%
2 289 Bréhan
23%
3 074 Carentoir
23%
3 483 Évellys
23%
2 083 Guiscriff
23%
1 953 Plaudren
23%
1 865 Saint-Thuriau
23%
1 962 Beignon
22%
1 822 Guénin
22%
1 313 Guern
22%
1 489 La Vraie-Croix
22%
1 841 Malguénac
22%
1 297 Pleugriffet
22%
1 067 Radenac
22%
1 316 Saint-Gerand-Croixanvec
22%
1 106 Saint-Marcel
22%
470 Saint-Nicolas-du-Tertre
22%
1 563 Saint-Vincent-sur-Oust
22%
1 526 Augan
21%
1 520 Crédin
21%
979 La Chapelle-Neuve
21%
801 Lanvaudan
21%
632 Saint-Allouestre
21%
1 160 Saint-Barthélemy
21%
1 544 Berné
20%
540 Buléon
20%
1 149 Caro
20%
3 318 Férel
20%
2 272 Guégon
20%
800 Guéhenno
20%
1 724 Langonnet
20%
1 417 Meslan
20%
1 605 Molac
20%
1 820 Pleucadeuc
20%
705 Roudouallec
20%
1 385 Ruffiac
20%
855 Bohal
19%
1 589 Caden
19%
1 039 Camoël
19%
720 Kergrist
19%
384 Kernascléden
19%
1 067 Larré
19%
1 167 Lauzach
19%
1 312 Limerzel
19%
736 Lizio
19%
903 Locmalo
19%
967 Priziac
19%
1 106 Saint-Gonnery
19%
1 747 Saint-Jacut-les-Pins
19%
1 308 Trédion
19%
2 758 Val d'Oust
19%
833 Kerfourn
18%
999 Le Guerno
18%
1 621 Loyat
18%
1 209 Ploërdut
18%
179 Sainte-Brigitte
18%
1 389 Saint-Guyomard
18%
1 395 Béganne
17%
514 Gueltas
17%
1 343 Guillac
17%
384 Helléan
17%
885 La Croix-Helléan
17%
672 Le Cours
17%
708 Le Croisty
17%
846 Lignol
17%
1 532 Ménéac
17%
1 109 Néant-sur-Yvel
17%
1 390 Neulliac
17%
1 847 Peillac
17%
2 865 Rieux
17%
529 Saint-Abraham
17%
304 Saint-Brieuc-de-Mauron
17%
480 Saint-Caradec-Trégomel
17%
2 539 Saint-Dolay
17%
381 Saint-Laurent-sur-Oust
17%
369 Saint-Tugdual
17%
463 Silfiac
17%
336 Billio
16%
737 Concoret
16%
1 305 Guilliers
16%
1 144 Lanvénégen
16%
979 Mohon
16%
1 532 Pluherlin
16%
729 Porcaro
16%
631 Saint-Aignan
16%
1 155 Missiriac
15%
652 Séglien
15%
116 Tréhorenteuc
15%
655 Cruguel
14%
721 Gourhel
14%
378 Langoëlan
14%
299 Lantillac
14%
360 Montertelot
14%
351 Persquen
14%
716 Saint-Gravé
14%
812 Saint-Servant
14%
795 Saint-Congard
13%
202 Saint-Léry
13%
604 Théhillac
13%
640 Tréal
13%
786 Cournon
12%
951 Les Fougerêts
12%
756 Monteneuf
12%
393 Saint-Gorgon
12%
1 074 Saint-Perreux
12%
199 Évriguet
11%
411 Réminiac
11%
192 Brignac
10%
322 La Grée-Saint-Laurent
10%
Aucun quiz correspondant
Distribution des résultats
% des personnes avec chaque résultat
Percentile par nombre de réponses
Votre historique - résultats
Vous n’avez pas pris ce quiz depuis la dernière actualisation